Pohľad spotrebiteľov na kvalitu

Informatizácia spoločnosti a súčasný trend budovania dôvery zintenzívnením komunikácie so spotrebiteľmi paradoxne vyvoláva obavy o kvalitu a neškodnosť potravín. Význam a ciele komunikácie so spotrebiteľmi. Očakávaná a skutočná kvalita potravín. Sprehľadnenie kvality. Európski spotrebitelia sú skep...

Descrizione completa

Salvato in:
Dettagli Bibliografici
Autore principale: Šinková, Terézia
Natura: Capitolo di libro
Lingua:slovacco
Soggetti:
Tags: Aggiungi Tag
Nessun Tag, puoi essere il primo ad aggiungerne!!

MARC

LEADER 00000naa$a2200000$$$4500
001 0027184
005 20231108140703.9
041 0 |a slo 
044 |a SK 
245 1 0 |a Pohľad spotrebiteľov na kvalitu  |c Terézia Šinková 
520 |a Informatizácia spoločnosti a súčasný trend budovania dôvery zintenzívnením komunikácie so spotrebiteľmi paradoxne vyvoláva obavy o kvalitu a neškodnosť potravín. Význam a ciele komunikácie so spotrebiteľmi. Očakávaná a skutočná kvalita potravín. Sprehľadnenie kvality. Európski spotrebitelia sú skeptickí voči geneticky modifikovaným potravinám. Informovaný výber. 
610 2 0 |a potraviny 
610 2 0 |a kvalita 
610 2 0 |a potraviny modifikované geneticky 
610 2 0 |a spotrebitelia 
610 2 0 |a komunikácia 
610 2 0 |a informácie 
610 2 0 |a zdravie 
100 1 |a Šinková, Terézia